<?xml version="1.0" encoding="UTF-8"?><?xml-stylesheet type="text/xsl" href="static/style.xsl"?><OAI-PMH xmlns="http://www.openarchives.org/OAI/2.0/" xmlns:xsi="http://www.w3.org/2001/XMLSchema-instance" xsi:schemaLocation="http://www.openarchives.org/OAI/2.0/ http://www.openarchives.org/OAI/2.0/OAI-PMH.xsd"><responseDate>2026-06-07T16:09:12Z</responseDate><request verb="GetRecord" identifier="oai:docta.ucm.es:20.500.14352/133039" metadataPrefix="marc">https://docta.ucm.es/rest/oai/request</request><GetRecord><record><header><identifier>oai:docta.ucm.es:20.500.14352/133039</identifier><datestamp>2026-02-25T01:15:39Z</datestamp><setSpec>com_20.500.14352_14</setSpec><setSpec>col_20.500.14352_21</setSpec></header><metadata><record xmlns="http://www.loc.gov/MARC21/slim" xmlns:dcterms="http://purl.org/dc/terms/" xmlns:xsi="http://www.w3.org/2001/XMLSchema-instance" xmlns:doc="http://www.lyncode.com/xoai" xsi:schemaLocation="http://www.loc.gov/MARC21/slim http://www.loc.gov/standards/marcxml/schema/MARC21slim.xsd">
   <leader>00925njm 22002777a 4500</leader>
   <datafield ind2=" " ind1=" " tag="042">
      <subfield code="a">dc</subfield>
   </datafield>
   <datafield ind2=" " ind1=" " tag="720">
      <subfield code="a">Martín Prieto, Pablo</subfield>
      <subfield code="e">author</subfield>
   </datafield>
   <datafield ind2=" " ind1=" " tag="260">
      <subfield code="c">2001-04</subfield>
   </datafield>
   <datafield ind2=" " ind1=" " tag="520">
      <subfield code="a">En el presente trabajo se ofrece una caracterización general de lo que la procuración representaba para las villas y ciudades de la Corona de Castilla al final de la Edad Media, ilustrándola con un ejemplo concreto. En primer lugar se sientan unas nociones introductorias sobre la significación de la institución de las Cortes en la Castilla medieval, con el objeto de establecer el marco idóneo para la más detenida consideración del caso propuesto. La última parte del estudio se centra en el análisis de los documentos que testimonian la elección de procuradores representantes de la villa y luego ciudad de Guadalajara en reuniones de Cortes del siglo XV, procedentes del Archivo Municipal de dicha población y presentados en un apéndice final.</subfield>
   </datafield>
   <datafield ind1="8" ind2=" " tag="024">
      <subfield code="a">Martín Prieto, Pablo (2001). Los llamamientos a los procuradores en Cortes de la ciudad de Guadalajara en la segunda mitad del siglo XV En : Actas del VII Encuentro de Historiadores del Valle del Henares , (7. 2001. Guadalajara). Guadalajara, Institución de Estudios Complutenses, Institución Provincial de Cultura "Marqués de Santillana", 2001</subfield>
   </datafield>
   <datafield ind1="8" ind2=" " tag="024">
      <subfield code="a">84-95179-47-4</subfield>
   </datafield>
   <datafield ind1="8" ind2=" " tag="024">
      <subfield code="a">https://hdl.handle.net/20.500.14352/133039</subfield>
   </datafield>
   <datafield ind2="0" ind1="0" tag="245">
      <subfield code="a">Los llamamientos a los procuradores en Cortes de la ciudad de Guadalajara en la segunda mitad del siglo XV</subfield>
   </datafield>
</record></metadata></record></GetRecord></OAI-PMH>